000 00959nam a22002657a 4500
005 20240530110405.0
008 150131s2011 ua g 000 0 ara d
017 _a8642/2011
_bمصر . دار الكتب المصرية
020 _a9789771808077
040 _aEG-CaGPL
041 0 _aara
082 0 4 _221
_a303.64\
_bأ ر
100 1 _aاريندت ، حنه
245 1 0 _aراى فى الثورات /
_cحنه اريندت ؛ تعريب وتعليق خيرى حماد
260 _aالقاهرة :
_bدار الكتب والوثائق القومية بالقاهرة ،
_c2011
300 _a333 ص ؛
_c22 سم
490 0 _aالثورة والحرية
_v5
650 0 4 _aالثورات
650 0 4 _aالحرب الاهلية
650 0 4 _aالتمرد والعصيان
650 0 4 _aالانقلاب العسكرى
700 0 _aخيرى حماد
_eمعرب ومعلق
942 _2ddc
_cBK
999 _c60332
_d60332